000
00296nam a2200085Ia 4500
245
0
_a
African solutions : best practices from the African Peer Review Mechanism
100
_a
Gruzd, Steven Auckland Park, South Africa, 2011
_9
47766
942
_c
BK
008
210817s9999 xx 000 0 und d
999
_c
258888
_d
258887